000 01481nam a2200349 i 4500
003 EG-GICUC
005 20260121101442.0
008 251208s2003 ua ||||fr|||| 00| 0 ara d
017 _a19971771
040 _a EG-GICUC
_bara
_c EG-GICUC
_d EG-GICUC
_erda
041 _aara
082 0 4 _221
_a341.83
_bا ب . ت
092 0 4 _221
099 _aLaw1 12 341.83 ا ب . ت 2 ed - 2003
100 0 _aأبو العلا على أبو العلا النمر
_eمؤلف.
245 1 0 _aتملك الأجانب للعقارات والمنقولات فى القانونين المصرى والمقارن /
_cأبو العلا على أبو العلا النمر .
250 _aالطبعة الثانية
264 1 _aالقاهرة :
_bدار النهضة العربية،
_c2003.
300 _a399 صفحة. ؛
_c24 سم.
336 _2rda content
_atext
337 _2rda media
_aComputer
338 _2rda carrier
_aOnline Resource
500 _aاهداء مكتبة ا.د. صلاح عامر
504 _aيحتوي على ارجاعات ببليوجرافية يحتوي على قائمة بالمراجع
546 _aالنص أغلبه باللغة العربية مع بعض النصوص الفرنسية
650 1 4 _aالأجانب
_xقانون دولي
_2qrmak
650 1 4 _aتملك الأجانب للعقارات
651 1 _2qrmak
856 4 0 _uhttps://fll.law.cu.edu.eg/fulltext/bks/B12-01611.pdf
905 _a75
_eHassnaa
942 _2ddc
_n0
_cBK
_e21
999 _c49148
_d49148